| 000 | 00745nam a22002177a 4500 | ||
|---|---|---|---|
| 999 |
_c173086 _d173086 |
||
| 005 | 20200218125058.0 | ||
| 010 | _aENG-127900 | ||
| 020 |
_c1295.00 _a9780199489855 |
||
| 035 | _aEN-111432 | ||
| 037 | _bDBAD/PUB | ||
| 082 | _a363.720954 | ||
| 245 |
_aThe right to sanitation in India : _cedited by Philippe Cullet Sujith Koonan, Lovleen Bhullar _bcritical perspectives/ |
||
| 260 |
_aNew Delhi _c2019 _bOxford University Press |
||
| 270 |
_a2/11 Ground Floor,Ansari Road,Dariyaganj _e110002 _bNew Delhi |
||
| 300 |
_axxvii;435p. _b22(hb) |
||
| 500 | _aincludes bibliographical references and index | ||
| 700 | _a Bhullar, Lovleen | ||
| 700 | _aCullet, Philippe | ||
| 700 | _aKoonan, Sujith | ||
| 942 |
_2ddc _cEN _hRIG _k363.720954 |
||